000 00563nam a2200193 a 4500
005 20230913063557.0
008 991125s1922 es 000 0 spa u
035 _aUPN01000019538
049 _aCG
050 4 _aBF635
_bR5.38
100 1 _aRibot, Theodule Armand,
_d1839-1916
245 1 4 _aLas enfermedades de la voluntad /
_cTheódulo Ribot ; tr. Ricardo Rubio.
260 _aMadrid :
_bD. Jorro,
_c1922.
300 _a194 p.
440 0 _aBiblioteca científico-filosófica
650 4 _aVoluntad
_98771
650 4 _aPsicofisiología
_9452
905 _aLibro
999 _c19538
_d19538